حفلات الزواج مظهر حضاري؟ ام فقاعة صابون : (Record no. 8982)

MARC details
000 -LEADER
fixed length control field 00779nam a22001817a 4500
005 - DATE AND TIME OF LATEST TRANSACTION
control field 20260611145158.0
008 - FIXED-LENGTH DATA ELEMENTS--GENERAL INFORMATION
fixed length control field 260611b |||||||| |||| 00| 0 eng d
020 ## - INTERNATIONAL STANDARD BOOK NUMBER
International Standard Book Number 69960667162
040 ## - CATALOGING SOURCE
Transcribing agency .
082 ## - DEWEY DECIMAL CLASSIFICATION NUMBER
Classification number 301.42 S528 2003
100 ## - MAIN ENTRY--PERSONAL NAME
Personal name السويداء , عبد الرحمن بن زيد
245 ## - TITLE STATEMENT
Title حفلات الزواج مظهر حضاري؟ ام فقاعة صابون :
Remainder of title /
Statement of responsibility, etc. عبد الرحمن بن زيد السويداء
250 ## - EDITION STATEMENT
Edition statement 1 ط
260 ## - PUBLICATION, DISTRIBUTION, ETC.
Name of publisher, distributor, etc. السعودية , الرياض , دار السويداء للنشر والتوزيع , 2003
300 ## - PHYSICAL DESCRIPTION
Extent 128 ص
Dimensions 23 سم
650 ## - SUBJECT ADDED ENTRY--TOPICAL TERM
Geographic subdivision الزواج و الطلاق -- السعودية | العادات و التقاليد -- السعودية | المرأة في السعودية
942 ## - ADDED ENTRY ELEMENTS (KOHA)
Source of classification or shelving scheme Dewey Decimal Classification
Koha item type Arabic Book
Suppress in OPAC No

No items available.